| 000 | 00577nam a2200193 a 4500 | ||
|---|---|---|---|
| 005 | 20140310183149.0 | ||
| 008 | 030304s19uu xx 00 eng d | ||
| 020 | _a0590313371 | ||
| 050 |
_aHG 179 _b.R881 1980 |
||
| 100 | _aRowes, Barbara | ||
| 245 |
_aEarning money in ways you never thought of / _cBarbara Rowes. |
||
| 260 |
_aNew York : _bScholastic Book Services, _c1980. |
||
| 300 |
_a90 p. : _bill. _c19 cm. |
||
| 521 | _aBSBA | ||
| 650 |
_aWages _xJuvenile literature |
||
| 650 |
_aFinance, Personnel _xJuvenile literature |
||
| 942 |
_cBK _2lcc _kFOR |
||
| 999 |
_c19611 _d19611 |
||